[Event "POL-chT 2nd League"]
[Site "Jastrzebia Gora"]
[Date "2024.09.05"]
[Round "6.33"]
[White "Wojtkowski, Pawel"]
[Black "Gbiorczyk, Mikolaj1"]
[Result "1/2-1/2"]
[WhiteElo "1933"]
[BlackElo "2064"]
[PlyCount "81"]
[EventDate "2024.08.31"]
[EventType "team-swiss"]
[EventRounds "9"]
[EventCountry "POL"]
[SourceTitle "EXT 2025"]
[Source "ChessBase"]
[SourceDate "2024.10.14"]
[SourceVersion "1"]
[SourceVersionDate "2024.10.14"]
[SourceQuality "1"]
[WhiteTeam "Srem Piast"]
[BlackTeam "Szczecin Gryf"]
[WhiteTeamCountry "POL"]
[BlackTeamCountry "POL"]

1. d4 Nf6 2. Nf3 b6 3. Bf4 Bb7 4. e3 Nh5 5. Bg5 h6 6. Bh4 g5 7. Bg3 Nxg3 8. hxg3 Bg7 9. Nc3 d6 10. Qd2 e6 11. 0-0-0 Nd7 12. Ng1 Qe7 13. f3 0-0-0 14. Bb5 a6 15. Bxd7+ Qxd7 16. Nge2 f5 17. e4 fxe4 18. Nxe4 d5 19. Nf2 e5 20. dxe5 Bxe5 21. Nd3 Bf6 22. g4 c5 23. Kb1 Kb8 24. Ng3 Qb5 25. Nh5 Rhf8 26. Nxf6 Rxf6 27. Rde1 Re8 28. Rxe8+ Qxe8 29. Re1 Re6 30. Rxe6 Qxe6 31. Qf2 c4 32. Nc1 b5 33. a3 a5 34. Qc5 Ba6 35. a4 bxa4 36. Qxa5 Kb7 37. Qxa4 d4 38. Qb4+ Kc6 39. Qa4+ Kb7 40. Qb4+ Kc6 41. Qa4+ 1/2-1/2

[Event "POL-chT 2nd League"]
[Site "Sypniewo"]
[Date "2021.09.05"]
[Round "2.16"]
[White "Smagalski, Slawomir"]
[Black "Wojtkowski, Pawel"]
[Result "1-0"]
[WhiteElo "1939"]
[BlackElo "1850"]
[PlyCount "75"]
[EventDate "2021.09.04"]
[EventType "team-swiss"]
[EventRounds "9"]
[EventCountry "POL"]
[SourceTitle "CBM 204 Extra"]
[Source "ChessBase"]
[SourceDate "2021.11.30"]
[SourceVersion "1"]
[SourceVersionDate "2021.11.30"]
[SourceQuality "1"]
[WhiteTeam "Konin Hetman"]
[BlackTeam "Srem LKS Piast"]
[WhiteTeamCountry "POL"]
[BlackTeamCountry "POL"]

1. Nf3 b5 2. g3 Bb7 3. Bg2 Nf6 4. d3 e6 5. 0-0 Be7 6. c4 bxc4 7. dxc4 c5 8. Nc3 0-0 9. Bf4 d6 10. Qb3 Qb6 11. Rfd1 e5 12. Bg5 Rd8 13. Qxb6 axb6 14. Nb5 Nc6 15. Bxf6 gxf6 16. Nh4 Na5 17. Nf5 Kf8 18. Bxb7 Nxb7 19. Nc7 Ra7 20. Nd5 Rd7 21. Nxb6 Rc7 22. Nd5 Rd7 23. Ndxe7 Rxe7 24. Nxe7 Kxe7 25. g4 Na5 26. Rac1 Nc6 27. a3 Rb7 28. Rd2 Nd4 29. Rb1 Rb3 30. f3 f5 31. gxf5 Nxf5 32. Rd3 Rb8 33. Kf2 Ke6 34. b4 h5 35. b5 h4 36. a4 h3 37. a5 Rg8 38. Rg1 1-0

[Event "Srem-ch LKS Piast"]
[Site "Srem"]
[Date "2017.02.17"]
[Round "3.1"]
[White "Gorski, Boguslaw"]
[Black "Wojtkowski, Pawel"]
[Result "1/2-1/2"]
[WhiteElo "1736"]
[BlackElo "1882"]
[PlyCount "46"]
[EventDate "2017.02.17"]
[EventType "tourn"]
[EventRounds "9"]
[EventCountry "POL"]
[SourceTitle "EXT 2023"]
[Source "ChessBase"]
[SourceDate "2022.10.05"]
[SourceVersion "1"]
[SourceVersionDate "2022.10.05"]
[SourceQuality "1"]

1. d4 c5 2. e3 e6 3. Nf3 Nf6 4. Be2 Nc6 5. 0-0 d5 6. b3 cxd4 7. Nxd4 e5 8. Nxc6 bxc6 9. Bb2 Bd6 10. c4 0-0 11. Nc3 Be6 12. cxd5 cxd5 13. Rc1 Qa5 14. Qd3 a6 15. Rfd1 Rfd8 16. Qb1 Rab8 17. Na4 d4 18. exd4 exd4 19. Bxd4 Bxh2+ 20. Kxh2 Rxd4 21. Rxd4 Qe5+ 22. Kg1 Qxd4 23. Qd3 Qf4 1/2-1/2

[Event "Srem-ch LKS Piast"]
[Site "Srem"]
[Date "2017.02.17"]
[Round "7.1"]
[White "Kozlowski, Tomasz1"]
[Black "Wojtkowski, Pawel"]
[Result "1/2-1/2"]
[WhiteElo "1866"]
[BlackElo "1882"]
[PlyCount "103"]
[EventDate "2017.02.17"]
[EventType "tourn"]
[EventRounds "9"]
[EventCountry "POL"]
[SourceTitle "EXT 2023"]
[Source "ChessBase"]
[SourceDate "2022.10.05"]
[SourceVersion "1"]
[SourceVersionDate "2022.10.05"]
[SourceQuality "1"]

1. Nc3 c5 2. e4 Nc6 3. f4 g6 4. Nf3 Bg7 5. g3 e6 6. Bg2 Nge7 7. d3 d6 8. Qe2 Qc7 9. 0-0 0-0 10. Nb5 Qb8 11. c4 a6 12. Nc3 Qc7 13. Be3 Nd4 14. Qf2 Nec6 15. g4 Rb8 16. h4 b5 17. h5 bxc4 18. dxc4 Nxf3+ 19. Bxf3 Nd4 20. Rab1 Bb7 21. Bg2 Bc6 22. f5 exf5 23. gxf5 gxf5 24. h6 Be5 25. Kh1 Kh8 26. Qh4 Rg8 27. Bg5 Rg6 28. Bh3 fxe4 29. Nd5 Bxd5 30. cxd5 Nf3 31. Rxf3 exf3 32. Bf5 Rxg5 33. Qxg5 Rg8 34. Qh4 Qd8 35. Qxd8 Rxd8 36. b4 Bf4 37. Rb3 Bxh6 38. bxc5 dxc5 39. Be4 Kg7 40. Rxf3 Bd2 41. Rd3 Bf4 42. Kg2 h6 43. Ra3 Rd6 44. Rc3 Kf6 45. Kf3 Ke5 46. Rxc5 Bg5 47. Bd3 Kd4 48. Rc6 Rxd5 49. Bxa6 Ra5 50. Bc4 Rc5 51. Rxc5 Kxc5 52. Bxf7 1/2-1/2

[Event "POL-chT 3rd League Wielkopolska 12/13"]
[Site "Poznan"]
[Date "2013.03.10"]
[Round "10.16"]
[White "Skwarczynski, Marcin"]
[Black "Wojtkowski, Pawel"]
[Result "1-0"]
[WhiteElo "2027"]
[BlackElo "1933"]
[PlyCount "65"]
[EventDate "2012.11.25"]
[EventType "team-tourn"]
[EventRounds "11"]
[EventCountry "POL"]
[SourceTitle "EXT 2014"]
[Source "ChessBase"]
[SourceDate "2013.11.20"]
[SourceVersion "1"]
[SourceVersionDate "2013.11.20"]
[SourceQuality "1"]
[WhiteTeam "Steszew Lipno"]
[BlackTeam "Srem LKS Piast"]
[WhiteTeamCountry "POL"]
[BlackTeamCountry "POL"]

1. d4 Nf6 2. Nf3 e6 3. Bg5 c5 4. c3 d5 5. e3 Nbd7 6. Nbd2 h6 7. Bh4 Bd6 8. Bd3 b6 9. e4 cxd4 10. Nxd4 Bb7 11. Qe2 0-0 12. exd5 exd5 13. 0-0 Re8 14. Qd1 a6 15. N2f3 Nc5 16. Bc2 Nce4 17. Nf5 Bf4 18. Bg3 Nxg3 19. hxg3 Bc7 20. N3d4 Ne4 21. Qd3 Qf6 22. Rad1 a5 23. Nb5 Be5 24. Nfd4 Ba6 25. a4 Rac8 26. Nf3 Rcd8 27. Rfe1 Bb8 28. Re3 Bd6 29. Qxd5 Bc5 30. Rxe4 Rxd5 31. Rxe8+ Bf8 32. Rxd5 Bxb5 33. axb5 1-0

[Event "POL-chT 2nd League"]
[Site "Lazy"]
[Date "2012.09.04"]
[Round "4"]
[White "Krainski, Slawomir"]
[Black "Wojtkowski, Pawel"]
[Result "1-0"]
[WhiteElo "2029"]
[BlackElo "1963"]
[PlyCount "147"]
[EventDate "2012.09.01"]
[EventType "team-swiss"]
[EventRounds "9"]
[EventCountry "POL"]
[SourceTitle "EXT 2019"]
[Source "ChessBase"]
[SourceDate "2018.10.10"]
[SourceVersion "1"]
[SourceVersionDate "2018.10.10"]
[SourceQuality "1"]
[WhiteTeam "Grudziadz Rotmistrz"]
[BlackTeam "Srem LKS Piast"]
[WhiteTeamCountry "POL"]
[BlackTeamCountry "POL"]

1. b3 d5 2. Bb2 Bf5 3. Nf3 Nf6 4. c4 e6 5. g3 Nbd7 6. Bg2 h6 7. 0-0 Bd6 8. d3 0-0 9. Nbd2 c6 10. e4 Bg4 11. h3 Bxf3 12. Nxf3 Qc7 13. Qe2 dxe4 14. dxe4 e5 15. Rad1 Rfe8 16. Nh4 Rad8 17. Nf5 Bf8 18. Bc1 Nc5 19. b4 Ne6 20. c5 b6 21. cxb6 axb6 22. Qc4 c5 23. b5 Nd4 24. Ne3 Qa7 25. Rd2 Qa5 26. a4 Ra8 27. Ra2 Qa7 28. Bd2 Qc7 29. Rb1 Qb7 30. Nd5 Nxd5 31. exd5 Bd6 32. a5 Reb8 33. a6 Qd7 34. Be3 Nf5 35. Bd2 Nd4 36. Be3 Nf5 37. Qg4 Ra7 38. Bf1 Re8 39. Bc4 e4 40. Re1 Nd4 41. Qxd7 Nf3+ 42. Kf1 Rxd7 43. a7 Ra8 44. Rea1 Be5 45. Bxc5 bxc5 46. b6 Bxa1 47. Kg2 Be5 48. Bb5 Rxd5 49. Bc6 Rdd8 50. Bxe4 Nd4 51. Bxa8 Rxa8 52. b7 Rxa7 53. Rxa7 Nc6 54. Ra6 Nb8 55. Ra5 Bd6 56. Kf3 Kf8 57. Ke4 Ke7 58. Kd5 Kd7 59. Ra1 Kc7 60. Rb1 Nc6 61. Rb5 Nb4+ 62. Kc4 Na6 63. Kd5 Nb4+ 64. Kc4 Kb8 65. f4 f6 66. g4 Bxf4 67. Kxc5 Na6+ 68. Kc6 Ka7 69. Ra5 Be5 70. Kb5 Kxb7 71. Rxa6 Bd4 72. Rd6 Be5 73. Rd7+ Kc8 74. Rxg7 1-0

[Event "Srem-ch LKS Piast"]
[Site "Srem"]
[Date "2012.04.27"]
[Round "9.1"]
[White "Wojtkowski, Pawel"]
[Black "Kozlowski, Tomasz1"]
[Result "1-0"]
[WhiteElo "1974"]
[BlackElo "1963"]
[PlyCount "93"]
[EventDate "2012.02.25"]
[EventType "tourn"]
[EventRounds "9"]
[EventCountry "POL"]
[SourceTitle "EXT 2023"]
[Source "ChessBase"]
[SourceDate "2022.10.05"]
[SourceVersion "1"]
[SourceVersionDate "2022.10.05"]
[SourceQuality "1"]

1. Nf3 Nf6 2. c4 e6 3. g3 b6 4. Bg2 Bb7 5. 0-0 Be7 6. Nc3 0-0 7. d4 d6 8. Qc2 Nfd7 9. Bf4 Qc8 10. e4 Nc6 11. Bh3 Qd8 12. Rad1 g5 13. Bc1 Nb4 14. Qe2 Bf6 15. Rfe1 h6 16. e5 Bg7 17. a3 Nc6 18. exd6 cxd6 19. d5 exd5 20. Nxd5 Nde5 21. Nxe5 dxe5 22. Bg2 Re8 23. Qh5 Nd4 24. h4 f6 25. hxg5 hxg5 26. Qg6 Rf8 27. Be4 f5 28. Bxg5 fxe4 29. Rxd4 exd4 30. Bxd8 Bxd5 31. cxd5 Raxd8 32. Rxe4 Rf6 33. Qg5 Kf8 34. Rxd4 Rdd6 35. Re4 Bh6 36. Qe5 Kg8 37. Qe8+ Bf8 38. Rg4+ Kh7 39. Qh5+ Bh6 40. Re4 Kg8 41. Re8+ Bf8 42. g4 Rh6 43. Qf5 Rhf6 44. Qe5 Kf7 45. g5 Rg6 46. f4 Be7 47. Qxe7# 1-0

[Event "Srem-ch LKS Piast"]
[Site "Srem"]
[Date "2012.03.31"]
[Round "6.4"]
[White "Hoffmann, Piotr"]
[Black "Wojtkowski, Pawel"]
[Result "1-0"]
[WhiteElo "1738"]
[BlackElo "1974"]
[PlyCount "106"]
[EventDate "2012.02.25"]
[EventType "tourn"]
[EventRounds "9"]
[EventCountry "POL"]
[SourceTitle "EXT 2023"]
[Source "ChessBase"]
[SourceDate "2022.10.05"]
[SourceVersion "1"]
[SourceVersionDate "2022.10.05"]
[SourceQuality "1"]

1. Nc3 d5 2. e4 d4 3. Nce2 e5 4. Ng3 Be6 5. Nf3 f6 6. Bb5+ c6 7. Ba4 Nd7 8. Bb3 Bxb3 9. axb3 Ne7 10. 0-0 c5 11. d3 Nc6 12. Nh4 Qe7 13. Qh5+ Qf7 14. Qxf7+ Kxf7 15. f4 Bd6 16. Nhf5 Bc7 17. fxe5 Ndxe5 18. Bd2 h5 19. Nh4 Ng4 20. Rf5 b6 21. Raf1 Rag8 22. Rd5 Rd8 23. Rxd8 Rxd8 24. Rf5 g6 25. Rf1 Kg7 26. Nf3 Bxg3 27. hxg3 Nb4 28. Ne1 a5 29. Rf3 Ne5 30. Rf2 Ra8 31. Bf4 Ng4 32. Re2 a4 33. bxa4 Rxa4 34. c3 Nc6 35. Nc2 Ra2 36. Bc1 Nge5 37. Rd2 dxc3 38. bxc3 Nxd3 39. Rxd3 Rxc2 40. Rd7+ Kg8 41. Bh6 Rxc3 42. Rg7+ Kh8 43. Rxg6 b5 44. Rxf6 Nd4 45. e5 b4 46. e6 Nc6 47. Rf7 Kg8 48. Rc7 b3 49. Rxc6 b2 50. Rc8+ Kh7 51. e7 b1Q+ 52. Kh2 Kxh6 53. e8Q Rc1 1-0

[Event "Srem-ch LKS Piast"]
[Site "Srem"]
[Date "2012.03.10"]
[Round "3.4"]
[White "Wojtkowski, Pawel"]
[Black "Lisiecki, Robert"]
[Result "1-0"]
[WhiteElo "1974"]
[BlackElo "1483"]
[PlyCount "49"]
[EventDate "2012.02.25"]
[EventType "tourn"]
[EventRounds "9"]
[EventCountry "POL"]
[SourceTitle "EXT 2023"]
[Source "ChessBase"]
[SourceDate "2022.10.05"]
[SourceVersion "1"]
[SourceVersionDate "2022.10.05"]
[SourceQuality "1"]

1. d4 Nf6 2. Nf3 d5 3. c4 e6 4. Nc3 g6 5. Bg5 Bg7 6. e3 0-0 7. Bd3 Nbd7 8. cxd5 Nb6 9. dxe6 Bxe6 10. 0-0 c6 11. Rc1 Qd7 12. Ne5 Qc8 13. Qe2 Nfd5 14. Bh4 Nb4 15. a3 Nxd3 16. Nxd3 Nd5 17. Nxd5 Bxd5 18. Nf4 Be6 19. d5 Bd7 20. b4 a6 21. a4 Qb8 22. a5 cxd5 23. Qd2 Be6 24. Nxd5 Qd6 25. Nf6+ 1-0

[Event "Srem-ch LKS Piast"]
[Site "Srem"]
[Date "2011.04.15"]
[Round "9.2"]
[White "Wojtkowski, Pawel"]
[Black "Gorski, Boguslaw"]
[Result "1-0"]
[WhiteElo "1989"]
[BlackElo "1796"]
[PlyCount "89"]
[EventDate "2011.02.21"]
[EventType "tourn"]
[EventRounds "9"]
[EventCountry "POL"]
[SourceTitle "EXT 2023"]
[Source "ChessBase"]
[SourceDate "2022.10.05"]
[SourceVersion "1"]
[SourceVersionDate "2022.10.05"]
[SourceQuality "1"]

1. c4 Nf6 2. g3 e6 3. Bg2 d5 4. cxd5 exd5 5. d4 Be7 6. Nf3 0-0 7. Nc3 h6 8. 0-0 Be6 9. Bf4 c6 10. a3 Nbd7 11. b4 Ne4 12. Qb3 Nxc3 13. Qxc3 Qb6 14. Rfb1 Rfc8 15. Nd2 Qd8 16. Qd3 Nf6 17. Nb3 b6 18. Rc1 Bd6 19. Bxd6 Qxd6 20. Rc3 Rc7 21. Rac1 Rac8 22. f3 Qf8 23. Qe3 Ne8 24. Nd2 Nd6 25. Qd3 f5 26. e4 fxe4 27. fxe4 dxe4 28. Nxe4 Bd5 29. Nf6+ Qxf6 30. Bxd5+ Kh8 31. Rxc6 Rxc6 32. Rxc6 Rf8 33. Rc1 Qf2+ 34. Kh1 Nf5 35. Bg2 Ne3 36. Rg1 Rc8 37. Qe4 Nxg2 38. Qxg2 Qxd4 39. Qf3 Qe5 40. Rd1 Rc3 41. Qg2 Qe3 42. a4 a6 43. Qd5 Rb3 44. Qf5 Qe8 45. Rc1 1-0

[Event "POL-chT3 2010/11"]
[Site "Wielkopolska"]
[Date "2011.04.15"]
[Round "11"]
[White "Wojtkowski, Pawel"]
[Black "Tomaszewski, Kacper"]
[Result "0-1"]
[WhiteElo "1989"]
[BlackElo "1732"]
[PlyCount "78"]
[EventDate "2010.11.28"]
[EventType "team-tourn"]
[EventRounds "11"]
[EventCountry "POL"]
[SourceTitle "EXT 2019"]
[Source "ChessBase"]
[SourceDate "2018.10.10"]
[SourceVersion "1"]
[SourceVersionDate "2018.10.10"]
[SourceQuality "1"]
[WhiteTeam "Srem LKS Piast"]
[BlackTeam "Jarocin JKSW"]
[WhiteTeamCountry "POL"]
[BlackTeamCountry "POL"]

1. Nf3 f5 2. d4 Nf6 3. c4 g6 4. Nc3 Bg7 5. Qc2 d6 6. e4 fxe4 7. Nxe4 Nxe4 8. Qxe4 Nc6 9. Bd2 Bf5 10. Qe3 0-0 11. 0-0-0 e5 12. dxe5 dxe5 13. Bc3 Qe7 14. Be2 Nb4 15. Bxb4 Qxb4 16. h4 e4 17. Nd4 c5 18. Nb3 a5 19. g4 Be6 20. Qxc5 Rac8 21. Qxa5 Qxa5 22. Nxa5 Rxf2 23. Rd2 b6 24. Nb3 Be5 25. Kb1 h5 26. gxh5 e3 27. Rc2 Bf5 28. Re1 gxh5 29. Kc1 Bxc2 30. Kxc2 Rd8 31. a3 Rg2 32. Nc1 Rd2+ 33. Kb3 Rxb2+ 34. Ka4 Bc3 35. Rf1 Rgxe2 36. Nxe2 Rxe2 37. Kb3 Ba5 38. Rf3 Bd2 39. Kc2 Rh2 0-1

[Event "POL-chT3 2010/11"]
[Site "Wielkopolska"]
[Date "2011.02.14"]
[Round "7"]
[White "Wojtkowski, Pawel"]
[Black "Hanusek, Sebastian"]
[Result "1/2-1/2"]
[WhiteElo "1989"]
[BlackElo "2033"]
[PlyCount "45"]
[EventDate "2010.11.28"]
[EventType "team-tourn"]
[EventRounds "11"]
[EventCountry "POL"]
[SourceTitle "EXT 2019"]
[Source "ChessBase"]
[SourceDate "2018.10.10"]
[SourceVersion "1"]
[SourceVersionDate "2018.10.10"]
[SourceQuality "1"]
[WhiteTeam "Srem LKS Piast"]
[BlackTeam "Wolsztyn UKS Szach"]
[WhiteTeamCountry "POL"]
[BlackTeamCountry "POL"]

1. Nf3 Nf6 2. c4 e6 3. b3 d5 4. Bb2 Be7 5. g3 0-0 6. Bg2 b6 7. 0-0 Bb7 8. d3 c5 9. e3 Nc6 10. Ne5 Qc7 11. Nxc6 Bxc6 12. Nc3 Rfd8 13. cxd5 Bxd5 14. Nxd5 Nxd5 15. Qe2 Rac8 16. Rfd1 Bf6 17. Rac1 Qe7 18. d4 Nb4 19. a3 Nc6 20. Qb5 Nb8 21. b4 Qd6 22. bxc5 bxc5 23. Qa4 1/2-1/2

[Event "POL-chT3 Wielkopolska 1112"]
[Site "Poland"]
[Date "2011.??.??"]
[Round "2.3"]
[White "Stachowiak, Slawomir"]
[Black "Wojtkowski, Pawel"]
[Result "1/2-1/2"]
[WhiteElo "2024"]
[BlackElo "1974"]
[PlyCount "86"]
[EventDate "2011.11.27"]
[EventType "team-tourn"]
[EventRounds "11"]
[EventCountry "POL"]
[SourceTitle "EXT 2014"]
[Source "ChessBase"]
[SourceDate "2013.11.20"]
[SourceVersion "1"]
[SourceVersionDate "2013.11.20"]
[SourceQuality "1"]
[WhiteTeam "Steszew Lipno"]
[BlackTeam "Srem LKS Piast"]
[WhiteTeamCountry "POL"]
[BlackTeamCountry "POL"]

1. e4 c5 2. Nf3 a6 3. d4 cxd4 4. Nxd4 e5 5. Nf3 Nf6 6. Bd3 d5 7. Qe2 d4 8. 0-0 Bg4 9. h3 Bxf3 10. Qxf3 g6 11. Bg5 Bg7 12. Nd2 Nbd7 13. Qe2 0-0 14. a4 h6 15. Bh4 g5 16. Bg3 Qc7 17. Nb3 Qd6 18. Nd2 Qe7 19. Bh2 Rfc8 20. Rfe1 Ne8 21. Nb3 Nd6 22. Kh1 Qe6 23. Qg4 Qe7 24. Qe2 Qe6 25. Qg4 Qe7 26. Qe2 Qe6 27. Bg3 Nc4 28. Ra2 Na5 29. Ra3 Nc4 30. Ra2 Bf8 31. Qg4 Qxg4 32. hxg4 Bb4 33. Re2 b5 34. Nc1 f6 35. b3 Nd6 36. f3 Nc5 37. axb5 Nxb5 38. Bxb5 axb5 39. Be1 Bxe1 40. Rxe1 Ra6 41. Re2 Rca8 42. Rxa6 Rxa6 43. b4 Na4 1/2-1/2

[Event "Srem-ch LKS Piast"]
[Site "Srem"]
[Date "2010.03.05"]
[Round "2.4"]
[White "Kaczmarek, Piotr"]
[Black "Wojtkowski, Pawel"]
[Result "1/2-1/2"]
[WhiteElo "1888"]
[BlackElo "2023"]
[PlyCount "80"]
[EventDate "2010.03.05"]
[EventType "tourn"]
[EventRounds "9"]
[EventCountry "POL"]
[SourceTitle "EXT 2023"]
[Source "ChessBase"]
[SourceDate "2022.10.05"]
[SourceVersion "1"]
[SourceVersionDate "2022.10.05"]
[SourceQuality "1"]

1. e4 c6 2. d4 d5 3. f3 e6 4. Be3 dxe4 5. Nd2 exf3 6. Qxf3 Nd7 7. Bd3 Ngf6 8. 0-0-0 Nb6 9. Nh3 Qd5 10. c4 Qxf3 11. Nxf3 Bd7 12. Ne5 h6 13. g4 Bd6 14. Rhg1 h5 15. g5 Bxe5 16. dxe5 Ng4 17. Bf4 0-0-0 18. b3 c5 19. Be4 Bc6 20. Bxc6 bxc6 21. Rgf1 Rxd1+ 22. Rxd1 Rd8 23. Rxd8+ Kxd8 24. Ng1 Nd7 25. Nf3 f6 26. gxf6 gxf6 27. exf6 Ngxf6 28. Bd6 Ne4 29. Bf4 Ke7 30. Kc2 Kf6 31. Kd3 Kf5 32. Bc7 Nef6 33. Nh4+ Kg5 34. Nf3+ Kg4 35. Ke3 Kf5 36. Nh4+ Kg5 37. Nf3+ Kg4 38. Bd6 h4 39. Bc7 Kh5 40. Kf4 Ng4 1/2-1/2

[Event "Srem-ch LKS Piast"]
[Site "Srem"]
[Date "2010.03.05"]
[Round "9.3"]
[White "Kolinski, Stanislaw"]
[Black "Wojtkowski, Pawel"]
[Result "1/2-1/2"]
[WhiteElo "1972"]
[BlackElo "2023"]
[PlyCount "37"]
[EventDate "2010.03.05"]
[EventType "tourn"]
[EventRounds "9"]
[EventCountry "POL"]
[SourceTitle "EXT 2023"]
[Source "ChessBase"]
[SourceDate "2022.10.05"]
[SourceVersion "1"]
[SourceVersionDate "2022.10.05"]
[SourceQuality "1"]

1. e4 c6 2. d4 d5 3. Nc3 dxe4 4. Nxe4 Nd7 5. Bc4 Ngf6 6. Ng5 e6 7. Qe2 Nb6 8. Bd3 Be7 9. N1f3 h6 10. Ne4 Nbd7 11. 0-0 Nxe4 12. Qxe4 Nf6 13. Qe2 0-0 14. c3 c5 15. dxc5 Bxc5 16. Ne5 a5 17. Bf4 b6 18. Rad1 Qe7 19. b4 1/2-1/2